Aakkoset (15 ensimmäistä kirjainta) - Statistics

Yleistilastot
  • Tätä visaa on pelattu 940 kertaa
  • Keskiarvotulos 14 / 15
Vastaustilastot
Vastaus % Oikein
1 A
99%
2 B
98%
3 C
98%
4 D
98%
5 E
98%
6 F
97%
7 G
96%
8 H
96%
9 I
95%
10 J
95%
11 K
95%
12 L
93%
14 M
93%
13 N
91%
15 O
91%
Ehtoja vastaavia visoja ei löytynyt
Tulosjakauma
Jokaisen tuloksen saaneiden osuus
Persentiili vastausten määrän mukaan
Tuloshistoriasi
Et ole pelannut tätä visaa